00253nam a22000977a 4500008004100000082001600041100001700057245002900074260004300103300000900146230621b xxu||||| |||| 00| 0 eng d a328.42bBOA cFrancis Boyd aTHE GLORY OF PARLIAMENT  aLondonbGeorge Allen & Unwin Ltdc1960 a208p